[Event "Det Åbne Køgemesterskab 2010/11"]
[Site "Asgård Skole"]
[Date "2011.01.11"]
[Round "6.3"]
[White "Hald, Morten Hansen"]
[Black "Christensen, Verner"]
[Result "*"]
[WhiteElo "1450"]
[BlackElo "1958"]
[PlyCount "84"]
[EventDate "2011.??.??"]
[WhiteTeam "Køge Skakklub"]
[BlackTeam "Solrød Skakklub"]

1. e4 e5 2. Nf3 Nc6 3. Bc4 Nf6 4. Ng5 d5 5. exd5 b5 6. Bb3 Nd4 7. d3 Bg4 8. Qd2
Bd6 9. Ne4 Nxe4 10. dxe4 O-O 11. c3 Nxb3 12. axb3 f5 13. Qg5 Qxg5 14. Bxg5 h6
15. Be3 f4 16. Bd2 Bc5 17. c4 bxc4 18. bxc4 Rfb8 19. Bc3 Bd4 20. Nd2 Bxc3 21.
bxc3 Rb2 22. f3 Bd7 23. Ke2 a5 24. Rhb1 Rxb1 25. Rxb1 Ra7 26. c5 Kf7 27. Nc4
Kf6 28. c6 Bc8 29. Na3 a4 30. Rb8 Ba6+ 31. c4 Ke7 32. Nb5 Bxb5 33. Rxb5 a3 34.
Rb1 a2 35. Ra1 Kd6 36. Kd3 Kc5 37. Kc3 Ra4 38. Kb3 Rxc4 39. Rxa2 Rb4+ 40. Kc3
Rc4+ 41. Kb3 Rb4+ 42. Kc3 Rc4+ *

[Event "Det Åbne Køgemesterskab 2010/11"]
[Site "Asgård Skole"]
[Date "2011.01.11"]
[Round "6.4"]
[White "Smidt-Nielsen, Henrik"]
[Black "Hestehauge, Klaus"]
[Result "*"]
[WhiteElo "1892"]
[BlackElo "1986"]
[PlyCount "98"]
[EventDate "2011.??.??"]
[WhiteTeam "Køge Skakklub"]
[BlackTeam "Køge Skakklub"]

1. g3 Nf6 2. Nf3 d5 3. d4 Bf5 4. Bg2 e6 5. O-O Be7 6. c4 c6 7. Nc3 Nbd7 8. Re1
O-O 9. b3 Ne4 10. Bb2 Bb4 11. Rc1 Qa5 12. a3 Nxc3 13. axb4 Nxd1 14. bxa5 Nxb2
15. c5 Nd3 16. exd3 Bxd3 17. Nd2 Nf6 18. Rc3 Bg6 19. b4 a6 20. h3 Rad8 21. Rce3
Rfe8 22. f4 Kf8 23. Kf2 Re7 24. g4 Rde8 25. Kg3 Nd7 26. h4 f6 27. h5 Bf7 28.
Nf3 f5 29. Ng5 h6 30. Nxf7 Kxf7 31. g5 hxg5 32. fxg5 e5 33. dxe5 Nxe5 34. Bh3
f4+ 35. Kxf4 Nd3+ 36. Rxd3 Rxe1 37. Rf3 R1e4+ 38. Kg3+ Kg8 39. Bf5 Re3 40. Kf4
Rxf3+ 41. Kxf3 Re1 42. Bc8 Re7 43. Kf4 Re4+ 44. Kf5 Rxb4 45. Be6+ Kh7 46. Bf7
Rb5 47. Ke6 Rxc5 48. Bg6+ Kh8 49. Kf7 d4 *

[Event "Det Åbne Køgemesterskab 2010/11"]
[Site "Asgård Skole"]
[Date "2011.01.11"]
[Round "6.7"]
[White "Hansen, Leif"]
[Black "Henriksen, Karl Hildebrandt"]
[Result "*"]
[WhiteElo "1255"]
[BlackElo "1316"]
[PlyCount "58"]
[EventDate "2011.??.??"]
[WhiteTeam "Køge Skakklub"]
[BlackTeam "Køge Skakklub"]

1. d4 d5 2. Nf3 g6 3. g3 Bg7 4. c3 Nf6 5. Bg2 O-O 6. Bf4 Nbd7 7. Nbd2 c6 8. Ne5
Nh5 9. e3 Nxf4 10. exf4 f5 11. Ndf3 Nf6 12. Nd2 Ne4 13. Nxe4 fxe4 14. Qd2 Bxe5
15. dxe5 Qb6 16. O-O Qc5 17. b4 Qb6 18. Rfe1 a5 19. Reb1 Qd8 20. Qd4 e6 21. Bf1
axb4 22. cxb4 b5 23. Rc1 Bd7 24. Qe3 Qe7 25. a3 Ra6 26. f3 exf3 27. Qxf3 Qf7
28. h4 Qg7 29. Rc3 h6 *

[Event "Det Åbne Køgemesterskab 2010/11"]
[Site "Asgård Skole"]
[Date "2011.01.11"]
[Round "6.8"]
[White "Petersen, Henry"]
[Black "Hansen, Mogens Egon"]
[Result "*"]
[WhiteElo "1225"]
[BlackElo "1267"]
[PlyCount "64"]
[EventDate "2011.??.??"]
[WhiteTeam "Køge Skakklub"]
[BlackTeam "Køge Skakklub"]

1. e4 c5 2. Nf3 d6 3. d4 cxd4 4. Nxd4 Nf6 5. Nc3 a6 6. Be2 e6 7. Be3 Nbd7 8.
Qd2 Be7 9. O-O-O b5 10. Bf3 Bb7 11. g4 h6 12. h4 Nb6 13. b3 b4 14. Nce2 a5 15.
g5 Nxe4 16. Bxe4 Bxe4 17. Rhg1 hxg5 18. hxg5 Qc7 19. f3 Bg6 20. f4 Nd5 21. Rgf1
Nxe3 22. Qxe3 Qc5 23. Qf3 Rc8 24. c3 bxc3 25. Nc2 Bxc2 26. Kxc2 Qf5+ 27. Qd3
Qxd3+ 28. Kxd3 c2 29. Rc1 Rh3+ 30. Kd2 Rh2 31. Rfe1 d5 32. Rxc2 Bb4+ *

[Event "Det Åbne Køgemesterskab 2010/11"]
[Site "Asgård Skole"]
[Date "2011.01.25"]
[Round "7.1"]
[White "Hestehauge, Klaus"]
[Black "Andersen, Bjarne Hjorth"]
[Result "1/2-1/2"]
[WhiteElo "1986"]
[BlackElo "1988"]
[PlyCount "74"]
[EventDate "2011.??.??"]
[WhiteTeam "Køge Skakklub"]
[BlackTeam "Køge Skakklub"]

1. d4 Nf6 2. Nf3 g6 3. Nc3 d5 4. Bf4 Bg7 5. e3 O-O 6. Be2 c5 7. dxc5 Qa5 8. Nd2
Qxc5 9. Nb3 Qb6 10. a4 a5 11. Nb5 Ne8 12. c3 e5 13. Bg3 Be6 14. O-O Nd6 15.
Nxd6 Qxd6 16. Nd4 Nc6 17. Bf3 Qd7 18. Nxe6 fxe6 19. Qb3 e4 20. Bg4 Ne5 21. Bxe5
Bxe5 22. Rad1 Qc6 23. Rd2 Rab8 24. Be2 Kg7 25. g3 Rbd8 26. Rfd1 Qc7 27. Bf1 Bd6
28. Qb5 Qc6 29. Qb3 Qc7 30. Rc2 Be5 31. Qb5 Qc6 32. Qxa5 Ra8 33. Qb5 Rxa4 34.
Qb3 Ra5 35. Qb4 Ra4 36. Qb3 Ra5 37. Qb4 Ra4 1/2-1/2

[Event "Det Åbne Køgemesterskab 2010/11"]
[Site "Asgård Skole"]
[Date "2011.01.25"]
[Round "7.2"]
[White "Hald, Morten Hansen"]
[Black "Krogh, Peter Ove"]
[Result "1-0"]
[WhiteElo "1450"]
[BlackElo "1917"]
[PlyCount "66"]
[EventDate "2011.??.??"]
[WhiteTeam "Køge Skakklub"]
[BlackTeam "Køge Skakklub"]

1. d4 Nf6 2. Bg5 e6 3. e4 h6 4. Bxf6 Qxf6 5. Nf3 d6 6. c3 Nd7 7. Bb5 c6 8. Ba4
Nb6 9. Bb3 Qg6 10. O-O Qxe4 11. c4 Qh7 12. Nc3 Be7 13. Re1 O-O 14. Bc2 f5 15.
Bb3 Kh8 16. c5 dxc5 17. Bxe6 cxd4 18. Qxd4 Bf6 19. Qc5 Bxe6 20. Rxe6 Qg8 21.
Rae1 Rad8 22. h4 Bxc3 23. Qxc3 Nd5 24. Rxh6+ Qh7 25. Rxh7+ Kxh7 26. Ng5+ Kh6
27. Re6+ Rf6 28. Qe1 Rdf8 29. Qc1 Kh5 30. Nh7 f4 31. Nxf6+ gxf6 32. Qc2 f5 33.
Qe2+ Kxh4 1-0

[Event "Det Åbne Køgemesterskab 2010/11"]
[Site "Asgård Skole"]
[Date "2011.01.25"]
[Round "7.3"]
[White "Smidt-Nielsen, Henrik"]
[Black "Carlsen, Erik"]
[Result "1/2-1/2"]
[WhiteElo "1892"]
[BlackElo "1952"]
[PlyCount "80"]
[EventDate "2011.??.??"]
[WhiteTeam "Køge Skakklub"]
[BlackTeam "Køge Skakklub"]

1. Nf3 d5 2. d4 Nf6 3. c4 c6 4. e3 e6 5. Nc3 Nbd7 6. Bd3 Be7 7. O-O O-O 8. Qe2
Qc7 9. e4 dxe4 10. Nxe4 Nxe4 11. Qxe4 Nf6 12. Qh4 Re8 13. Bg5 h6 14. Bxf6 Bxf6
15. Qe4 g6 16. Ne5 Bg7 17. Rfe1 Rd8 18. Rad1 Bd7 19. Bc2 Be8 20. h4 h5 21. c5
b6 22. b4 bxc5 23. bxc5 Bxe5 24. Qxe5 Qxe5 25. Rxe5 Rab8 26. Re3 Rb4 27. Red3
Rdb8 28. Rb3 Bd7 29. Rdb1 Rxb3 30. Rxb3 Rxb3 31. Bxb3 Bc8 32. Bc4 Kg7 33. Kf1
f6 34. f4 f5 35. Ke2 Kf7 36. Kd2 Ke7 37. Kc3 Kd8 38. Kb4 Kc7 39. Ka5 Kb8 40.
Bb3 Kc7 1/2-1/2

[Event "Det Åbne Køgemesterskab 2010/11"]
[Site "Asgård Skole"]
[Date "2011.01.25"]
[Round "7.5"]
[White "Hansen, Mogens Egon"]
[Black "Hansen, Leif"]
[Result "0-1"]
[WhiteElo "1267"]
[BlackElo "1255"]
[PlyCount "72"]
[EventDate "2011.??.??"]
[WhiteTeam "Køge Skakklub"]
[BlackTeam "Køge Skakklub"]

1. d4 e6 2. c4 c6 3. Nc3 Nf6 4. Nf3 Bb4 5. Bd2 Bxc3 6. Bxc3 d5 7. e3 O-O 8. Be2
Nbd7 9. O-O Re8 10. Qc2 Qc7 11. Bd3 dxc4 12. Bxc4 b5 13. Bd3 a6 14. a3 c5 15.
b3 Bb7 16. Qe2 Bd5 17. Rab1 c4 18. bxc4 Bxc4 19. Bxc4 bxc4 20. Rb4 Nb6 21. Rfb1
Rab8 22. Nd2 Nfd5 23. Ne4 f5 24. Nc5 Nxc3 25. Qb2 Nxb1 26. Qxb1 Qd6 27. Nxa6 c3
28. Nxb8 Rxb8 29. Qb3 Qc6 30. Qc2 Ra8 31. Kf1 Rxa3 32. Ke2 Qc7 33. g3 Nd5 34.
Rb1 Qc4+ 35. Ke1 Ra2 36. Qc1 Qe2# 0-1

[Event "Det Åbne Køgemesterskab 2010/11"]
[Site "Asgård Skole"]
[Date "2011.01.25"]
[Round "7.6"]
[White "Ambirk, Jan Robert"]
[Black "Vesterskov, Michael"]
[Result "0-1"]
[WhiteElo "1825"]
[BlackElo "1749"]
[PlyCount "142"]
[EventDate "2011.??.??"]
[WhiteTeam "Vordingborg Skakklub"]
[BlackTeam "Køge Skakklub"]

1. e4 e5 2. Nf3 Nc6 3. c3 Nf6 4. d4 exd4 5. e5 Nd5 6. cxd4 Bb4+ 7. Bd2 Qe7 8.
Nc3 Nxc3 9. bxc3 Ba5 10. Bb5 h6 11. O-O O-O 12. Qa4 Bb6 13. Rfe1 Nd8 14. Bd3 c6
15. c4 Ne6 16. d5 Nd4 17. Re4 Nxf3+ 18. gxf3 d6 19. exd6 Qxd6 20. Bf4 Qg6+ 21.
Kh1 Bxf2 22. Qc2 Qf6 23. Rf1 Bc5 24. Be5 Qg5 25. Bf4 Qh5 26. Re5 Qh3 27. Ree1
Bd7 28. Be5 Rfe8 29. Bg3 Qh5 30. Be4 cxd5 31. cxd5 Bb6 32. f4 Bh3 33. Bf3 Rxe1
34. Bxe1 Qg6 35. Qxg6 fxg6 36. Bg2 Bxg2+ 37. Kxg2 Rd8 38. Bf2 Bxf2 39. Rxf2
Rxd5 40. Rb2 b6 41. Kf3 Kf7 42. Ke4 Ke6 43. Rg2 g5 44. fxg5 Rxg5 45. Rd2 Ra5
46. Rg2 g5 47. Rc2 Ra4+ 48. Kf3 Kf5 49. Rd2 Ra3+ 50. Kg2 Re3 51. Kf2 Re4 52.
Rd7 a5 53. Rd6 Re6 54. Rd5+ Ke4 55. Rd2 g4 56. Re2+ Kf5 57. Rd2 b5 58. Rd5+ Re5
59. Rd6 h5 60. Rd3 b4 61. h3 a4 62. hxg4+ hxg4 63. Rd4 Rb5 64. Rd2 b3 65. axb3
axb3 66. Rb2 Kf4 67. Ke2 g3 68. Kf1 Kf3 69. Kg1 Ke3 70. Kf1 Kd3 71. Ke1 Kc3 0-1

[Event "Det Åbne Køgemesterskab 2010/11"]
[Site "Asgård Skole"]
[Date "2011.01.25"]
[Round "7.7"]
[White "Henriksen, Karl Hildebrandt"]
[Black "Christensen, Verner"]
[Result "0-1"]
[WhiteElo "1316"]
[BlackElo "1958"]
[PlyCount "54"]
[EventDate "2011.??.??"]
[WhiteTeam "Køge Skakklub"]
[BlackTeam "Solrød Skakklub"]

1. d4 Nf6 2. g3 g6 3. Bg2 Bg7 4. b3 O-O 5. Bb2 c5 6. c4 cxd4 7. Bxd4 Nc6 8. Bc3
Qc7 9. e3 d6 10. Nd2 Bf5 11. e4 Be6 12. Ne2 Rac8 13. O-O Ng4 14. Bxg7 Kxg7 15.
Nf4 Nce5 16. Qe2 Nf6 17. Nd5 Nxd5 18. cxd5 Bd7 19. Rfc1 Qb6 20. Nc4 Nxc4 21.
bxc4 Rc5 22. Bf1 Rfc8 23. Qe3 Qc7 24. Qb3 b5 25. Rab1 bxc4 26. Qb7 c3 27. Qxc7
R8xc7 0-1

[Event "Det Åbne Køgemesterskab 2010/11"]
[Site "Asgård Skole"]
[Date "2011.01.25"]
[Round "7.8"]
[White "Petersen, Henry"]
[Black "Christensen, Peter"]
[Result "1-0"]
[WhiteElo "1225"]
[BlackElo "1336"]
[PlyCount "41"]
[EventDate "2011.??.??"]
[WhiteTeam "Køge Skakklub"]
[BlackTeam "Køge Skakklub"]

1. e4 c5 2. Nf3 Nc6 3. d4 cxd4 4. Nxd4 e6 5. Nc3 g6 6. Be3 Bg7 7. Qd2 Nf6 8.
O-O-O O-O 9. h4 d5 10. Nxc6 bxc6 11. e5 Nd7 12. f4 a5 13. g4 c5 14. Bg1 Bh6 15.
g5 Bg7 16. Qh2 h5 17. gxh6 Bxh6 18. h5 Nxe5 19. Bxc5 Ng4 20. Qg3 e5 21. Nxd5 {
og hvid vandt} 1-0